Fictional Characters by Pictures - T - Statistics

General Stats
  • This quiz has been taken 49 times
  • The average score is 8 of 20
Answer Stats
Picture Answer % Correct
Tom
93%
Thor
82%
Tinker Bell
80%
Tigger
76%
Timon
62%
Tony Stark
60%
Tiana
58%
Timmy Turner
47%
Tori Vega
38%
Troy Bolton
38%
Trina Vega
33%
Thomas’ Train
27%
Tecna
22%
Teddy Duncan
22%
Toby Duncan
18%
Tony Stonem
13%
Trish De La Rosa
7%
Tom Sawyer
2%
Taranee
0%
Tigga and Togga
0%
No matching quizzes found
Score Distribution
Percent of People with Each Score
Percentile by Number Answered
Your Score History
You have not taken this quiz